Computer Technology Encyclopedia : (Record no. 11550)
[ view plain ]
| 000 -LEADER | |
|---|---|
| fixed length control field | 01428cam a2200265 a 4500 |
| 001 - CONTROL NUMBER | |
| control field | 000034826048 |
| 003 - CONTROL NUMBER IDENTIFIER | |
| control field | CaOOAMICUS |
| 005 - DATE AND TIME OF LATEST TRANSACTION | |
| control field | 20090410 .0 |
| 008 - FIXED-LENGTH DATA ELEMENTS--GENERAL INFORMATION | |
| fixed length control field | 080514s2009 nyua 000 0 eng |
| 020 ## - INTERNATIONAL STANDARD BOOK NUMBER | |
| International Standard Book Number | 1428322361 (pbk.) |
| 020 ## - INTERNATIONAL STANDARD BOOK NUMBER | |
| International Standard Book Number | 9781428322363 (pbk.) |
| 040 ## - CATALOGING SOURCE | |
| Original cataloging agency | CaOPAL |
| Language of cataloging | eng |
| Transcribing agency | CaOPAL |
| Modifying agency | BTCTA |
| 082 ## - DEWEY DECIMAL CLASSIFICATION NUMBER | |
| Edition number | 22 |
| Classification number | 004.03 |
| Item number | GRA |
| 100 1# - MAIN ENTRY--PERSONAL NAME | |
| Personal name | Graves, Michael |
| Fuller form of name | (Michael W.) |
| 9 (RLIN) | 4823 |
| 245 10 - TITLE STATEMENT | |
| Title | Computer Technology Encyclopedia : |
| Remainder of title | Quick Reference for Students and Professionals / |
| Statement of responsibility, etc | Michael Graves. |
| 260 ## - PUBLICATION, DISTRIBUTION, ETC. (IMPRINT) | |
| Place of publication, distribution, etc | Australia : |
| Name of publisher, distributor, etc | Cengage Delmar Learning , |
| Date of publication, distribution, etc | c2009. |
| 300 ## - PHYSICAL DESCRIPTION | |
| Extent | 385 p. : |
| Other physical details | ill. ; |
| Dimensions | 24 cm. |
| 520 ## - SUMMARY, ETC. | |
| Summary, etc | "The Computer Technology Encyclopedia is a handy reference for students and professionals. Going beyond basic definitions, this comprehensive reference provides descriptions of computer technology terms, as well as including numerous tables, photos and illustrations."--pub. desc. |
| 650 #0 - SUBJECT ADDED ENTRY--TOPICAL TERM | |
| Topical term or geographic name as entry element | Computers |
| Form subdivision | Encyclopedias. |
| 9 (RLIN) | 4824 |
| 650 #0 - SUBJECT ADDED ENTRY--TOPICAL TERM | |
| Topical term or geographic name as entry element | Information technology |
| Form subdivision | Encyclopedias. |
| 9 (RLIN) | 4825 |
| 942 ## - ADDED ENTRY ELEMENTS (KOHA) | |
| Source of classification or shelving scheme | Dewey Decimal Classification |
| Item type | Book - Borrowing |
| Withdrawn status | Item status | Source of classification or shelving scheme | Damaged status | Not for loan | Vendor | Home library | Current library | Shelving location | Date acquired | Source of acquisition | Cost, normal purchase price | Serial Enumeration / chronology | Total Checkouts | Full call number | Barcode | Date last seen | Koha item type |
|---|---|---|---|---|---|---|---|---|---|---|---|---|---|---|---|---|---|
| Dewey Decimal Classification | Alahram | Central Library | Central Library | Lower Floor | 19/05/2009 | 327.00 | 376 | 004.03 GRA | 000016365 | 15/07/2025 | Book - Borrowing | ||||||
| Dewey Decimal Classification | Alahram | Central Library | Central Library | Lower Floor | 19/05/2009 | 327.00 | 376 | 004.03 GRA | 000016366 | 15/07/2025 | Book - Borrowing |